|
|
|
|
| LEADER |
00000nam0a2200000 4500 |
| 001 |
379541 |
| 005 |
20240125144605.0 |
| 010 |
|
|
|a 978-5-389-10697-0
|
| 035 |
|
|
|a (RuTPU)RU\TPU\retro\37008
|
| 090 |
|
|
|a 379541
|
| 100 |
|
|
|a 20231019d2015 m||y0rusy50 ca
|
| 101 |
1 |
|
|a rus
|c eng
|
| 102 |
|
|
|a RU
|
| 105 |
|
|
|a y z 000ay
|
| 181 |
|
0 |
|a i
|b e
|
| 182 |
|
0 |
|a n
|
| 183 |
|
0 |
|a nc
|2 RDAcarrier
|
| 200 |
1 |
|
|a 5-я волна
|e роман
|f Рик Янси
|g пер. с англ. И. Русаковой
|
| 203 |
|
|
|a Текст
|b визуальный
|c непосредственный
|
| 210 |
|
|
|a Санкт-Петербург
|c Азбука
|c Азбука-Аттикус
|d 2017
|
| 215 |
|
|
|a 479 с.
|
| 283 |
|
|
|a volume
|2 RDAcarrier
|
| 330 |
|
|
|a Первая волна оставила за собой мглу. От второй успели убежать только самые везучие. Но едва ли можно назвать везучими тех, кто уцелел после третьей. А четвертая волна стерла все человеческие законы, взамен же установила свой, один-единственный: хочешь жить — не верь никому. И вот уже накатывает пятая волна, и Кэсси уходит в неизвестность по усеянной останками людей и машин автостраде. Она спасается от тех, кто лишь с виду человек; от похитителей ее маленького брата; от умелых и ловких убийц, которые ведут зачистку захваченной планеты. В этом новом мире выживают только одиночки. Найти напарника — значит на порядок уменьшить свои шансы. Прибиться к группе — значит погибнуть наверняка. Кэсси неукоснительно следует этому правилу... до тех пор, пока не встречает Эвана Уокера. И теперь она вынуждена выбирать — между доверием и отчаянием, между борьбой и капитуляцией, между жизнью и смертью.
|
| 606 |
1 |
|
|a Американская литература
|9 85825
|
| 610 |
1 |
|
|a художественная литература
|
| 610 |
1 |
|
|a фантастика
|
| 610 |
1 |
|
|a романы
|
| 610 |
1 |
|
|a приключения
|
| 610 |
1 |
|
|a фантастические романы
|
| 675 |
|
|
|a 82
|v 4
|z rus
|
| 700 |
|
1 |
|a Янси
|b Р.
|g Рик
|
| 702 |
|
1 |
|4 730
|a Русакова
|b И.
|
| 801 |
|
1 |
|a RU
|b 63413507
|c 20231019
|
| 942 |
|
|
|c BK
|